[Event "SLO-chT1 East"]
[Site "Slovenia"]
[Date "2015.11.27"]
[Round "7"]
[White "Milinkovic, Nebojsa"]
[Black "Vidic, Branko"]
[Result "0-1"]
[WhiteElo "1956"]
[BlackElo "1984"]
[PlyCount "126"]
[EventDate "2015.10.16"]
[EventType "team-tourn"]
[EventRounds "9"]
[EventCountry "SLO"]
[SourceTitle "EXT 2019"]
[Source "ChessBase"]
[SourceDate "2018.10.10"]
[SourceVersion "1"]
[SourceVersionDate "2018.10.10"]
[SourceQuality "1"]
[WhiteTeam "Zagorje ob Savi"]
[BlackTeam "Rokada Lendava"]
[WhiteTeamCountry "SLO"]
[BlackTeamCountry "SLO"]

1. e4 c5 2. d4 cxd4 3. c3 dxc3 4. Nxc3 Nc6 5. Nf3 a6 6. a4 e6 7. Bc4 Nge7 8. 0-0 Ng6 9. Qe2 Bc5 10. Rd1 0-0 11. g3 Qb6 12. Kg2 d6 13. Bd3 Nge5 14. Nxe5 dxe5 15. a5 Qc7 16. Qg4 Kh8 17. Qh4 Be7 18. Qg4 Nxa5 19. Be3 Nb3 20. Ra2 Bd7 21. f4 f5 22. Qh3 Bc6 23. fxe5 Qxe5 24. Bf4 Qc5 25. Qh5 fxe4 26. Qxc5 Nxc5 27. Bc4 b5 28. Bf1 Rfd8 29. Kf2 b4 30. Rxd8+ Bxd8 31. Nd1 Bf6 32. Be3 Nd3+ 33. Bxd3 exd3 34. Ke1 e5 35. Bd2 Be7 36. Ra5 Bb5 37. Ne3 Rd8 38. b3 e4 39. Ra1 Rc8 40. Nf5 Bf6 41. Rb1 Bc3 42. Rc1 Bd7 43. Ne3 Be6 44. Nc4 Bxc4 45. Bxc3 Be6 46. Bd2 Rxc1+ 47. Bxc1 Bxb3 48. Kd2 Bd5 49. Ke3 b3 50. Kd2 Kg8 51. Kc3 Kf7 52. Bb2 Ke6 53. Kd2 g6 54. Ke3 Kd6 55. Kd2 Kc5 56. Kc3 Be6 57. Ba3+ Kd5 58. Bc1 Ke5 59. Be3 Kf5 60. h3 h5 61. Bd2 a5 62. Kb2 Ke5 63. Bxa5 e3 0-1

[Event "SLO-chT1 East"]
[Site "Slovenia"]
[Date "2015.11.07"]
[Round "5"]
[White "Cojhter, Karl"]
[Black "Milinkovic, Nebojsa"]
[Result "1/2-1/2"]
[WhiteElo "2044"]
[BlackElo "1956"]
[PlyCount "53"]
[EventDate "2015.10.16"]
[EventType "team-tourn"]
[EventRounds "9"]
[EventCountry "SLO"]
[SourceTitle "EXT 2019"]
[Source "ChessBase"]
[SourceDate "2018.10.10"]
[SourceVersion "1"]
[SourceVersionDate "2018.10.10"]
[SourceQuality "1"]
[WhiteTeam "Maribor ZSK II"]
[BlackTeam "Zagorje ob Savi"]
[WhiteTeamCountry "SLO"]
[BlackTeamCountry "SLO"]

1. e4 c6 2. c4 d5 3. exd5 cxd5 4. d4 e6 5. Nc3 Nf6 6. Nf3 Be7 7. cxd5 Nxd5 8. Bd3 0-0 9. 0-0 Nc6 10. a3 f5 11. Bc4 Nb6 12. Ba2 Bf6 13. d5 exd5 14. Nxd5 Nxd5 15. Bxd5+ Kh8 16. Qb3 Na5 17. Qa2 h6 18. Bf4 Nc6 19. Rad1 Qb6 20. Rd2 Ne7 21. Bc4 Nc6 22. Rfd1 Rd8 23. Bd6 Bd7 24. b4 Be5 25. Be6 Nd4 26. Bc5 Nxf3+ 27. gxf3 1/2-1/2

[Event "SLO-chT2 East"]
[Site "Slovenia"]
[Date "2014.09.13"]
[Round "1"]
[White "Kolar, Drago"]
[Black "Milinkovic, Nebojsa"]
[Result "1/2-1/2"]
[WhiteElo "1840"]
[BlackElo "1995"]
[PlyCount "173"]
[EventDate "2014.09.13"]
[EventType "team-tourn"]
[EventRounds "9"]
[EventCountry "SLO"]
[SourceTitle "EXT 2019"]
[Source "ChessBase"]
[SourceDate "2018.10.10"]
[SourceVersion "1"]
[SourceVersionDate "2018.10.10"]
[SourceQuality "1"]
[WhiteTeam "Brezice"]
[BlackTeam "Zagorje ob Savi"]
[WhiteTeamCountry "SLO"]
[BlackTeamCountry "SLO"]

1. d4 d5 2. Nf3 Bf5 3. Bf4 e6 4. e3 Nf6 5. c4 Bxb1 6. Rxb1 Bb4+ 7. Ke2 Bd6 8. Qa4+ c6 9. Ne5 Bxe5 10. Bxe5 0-0 11. g3 Nbd7 12. Bxf6 Qxf6 13. cxd5 exd5 14. Bg2 Rfe8 15. Qd1 Re7 16. Qd2 Rae8 17. Rhe1 Qh6 18. h3 Nf6 19. Kf1 Qg6 20. Kg1 h5 21. h4 Ng4 22. Rbc1 Nf6 23. b4 a6 24. a4 Ne4 25. Bxe4 Rxe4 26. Kh2 Qd6 27. Kg2 Qg6 28. Kh2 Qd6 29. Kg2 Qd7 30. Rc5 Qf5 31. b5 axb5 32. axb5 R4e6 33. bxc6 bxc6 34. Qc2 Qxc2 35. Rxc2 Rf6 36. Rec1 Ree6 37. Ra1 Kh7 38. Ra7 Kg6 39. Rc7 Kf5 40. Rc3 g5 41. hxg5 Kxg5 42. f3 Kg6 43. Kf2 Kg7 44. Rc1 Rh6 45. Rh1 Ref6 46. Rh4 Rh8 47. Re7 Ra8 48. f4 Rh8 49. Kf3 Re6 50. Rxe6 fxe6 51. e4 Kg6 52. Rh1 Rb8 53. Re1 Kf6 54. exd5 cxd5 55. Re5 Rb3+ 56. Kg2 Rd3 57. Rxh5 Rxd4 58. Kf3 Rd3+ 59. Kg4 d4 60. Re5 Ra3 61. Re4 d3 62. Rd4 Rb3 63. Kh4 Ra3 64. g4 Rb3 65. Rd6 Ke7 66. Rd4 Kf6 67. Rd6 Ke7 68. Rd4 Kf6 69. Rd7 Ra3 70. Rd4 Rb3 71. Rd6 Ke7 72. Rd4 Kf6 73. Rd7 Ra3 74. Rd6 Ke7 75. Rd4 Kf6 76. Kh5 Ra2 77. Kh4 d2 78. Kg3 Ra3+ 79. Kf2 Ra2 80. Ke2 d1Q+ 81. Kxd1 Rg2 82. g5+ Kf5 83. Ke1 e5 84. fxe5 Kxe5 85. Ra4 Rxg5 86. Ra5+ Kf4 87. Rxg5 1/2-1/2

[Event "SLO-chT2 East"]
[Site "Slovenia"]
[Date "2013.12.09"]
[Round "9"]
[White "Zalig, Christian"]
[Black "Milinkovic, Nebojsa"]
[Result "1-0"]
[WhiteElo "2025"]
[BlackElo "2015"]
[PlyCount "79"]
[EventDate "2013.09.07"]
[EventType "team-tourn"]
[EventRounds "9"]
[EventCountry "SLO"]
[SourceTitle "EXT 2015"]
[Source "ChessBase"]
[SourceDate "2014.11.20"]
[SourceVersion "1"]
[SourceVersionDate "2014.11.20"]
[SourceQuality "1"]

1. e4 c6 2. d4 d5 3. Nc3 dxe4 4. Nxe4 Bf5 5. Ng3 Bg6 6. h4 h6 7. Nf3 Nd7 8. h5 Bh7 9. Bd3 Bxd3 10. Qxd3 Ngf6 11. Bd2 e6 12. 0-0-0 Qc7 13. Ne4 0-0-0 14. Nxf6 gxf6 15. Qb3 Bd6 16. g3 Kb8 17. Be3 Qb6 18. Qd3 Qa5 19. Kb1 c5 20. Nd2 cxd4 21. Nb3 Qd5 22. Bxd4 b6 23. Qe2 Qc6 24. Bc3 Be7 25. Rh4 Nc5 26. Rhd4 Rxd4 27. Nxd4 Qb7 28. Bd2 Ne4 29. Be3 Ng5 30. Bxg5 hxg5 31. g4 Bc5 32. Nb3 Qe7 33. Nxc5 bxc5 34. a3 Kb7 35. Qd3 Kc7 36. Qc3 e5 37. Qc4 Rf8 38. Rd5 Kb6 39. b4 cxb4 40. Rb5+ 1-0

[Event "SLO-chT2 East"]
[Site "Slovenia"]
[Date "2013.10.12"]
[Round "2"]
[White "Milinkovic, Nebojsa"]
[Black "Babic, Darko"]
[Result "1/2-1/2"]
[WhiteElo "2015"]
[BlackElo "1862"]
[PlyCount "86"]
[EventDate "2013.09.07"]
[EventType "team-tourn"]
[EventRounds "9"]
[EventCountry "SLO"]
[SourceTitle "EXT 2015"]
[Source "ChessBase"]
[SourceDate "2014.11.20"]
[SourceVersion "1"]
[SourceVersionDate "2014.11.20"]
[SourceQuality "1"]

1. Nf3 Nc6 2. d4 d5 3. e3 Bg4 4. Be2 Nf6 5. b3 e6 6. Bb2 Be7 7. 0-0 0-0 8. Nbd2 a6 9. c4 Bb4 10. a3 Bxd2 11. Nxd2 Bxe2 12. Qxe2 Ne7 13. Rfd1 c6 14. e4 Ng6 15. e5 Nd7 16. Nf3 f6 17. cxd5 Nf4 18. Qe4 Nxd5 19. Qg4 f5 20. Qg5 Qxg5 21. Nxg5 Rfe8 22. Rac1 h6 23. Nf3 Kf7 24. Ne1 g5 25. Nd3 Rad8 26. a4 h5 27. Ba3 Rg8 28. Bd6 Nf4 29. Kf1 Rc8 30. b4 Nxd3 31. Rxd3 Nb6 32. Ra1 Nc4 33. Bc5 Rgd8 34. Rc3 Nd2+ 35. Ke2 Ne4 36. Rb3 Nxc5 37. bxc5 Rc7 38. Ke3 Kg6 39. a5 Rd5 40. Ra4 Rcd7 41. Rbb4 Rh7 42. Rb1 Rf7 43. f4 g4 1/2-1/2

[Event "Ptuj op 6th"]
[Site "Ptuj"]
[Date "2011.08.17"]
[Round "8"]
[White "Kelemen, Miljenko"]
[Black "Milinkovic, Nebojsa"]
[Result "0-1"]
[WhiteElo "2072"]
[BlackElo "2060"]
[PlyCount "102"]
[EventDate "2011.08.12"]
[EventType "swiss"]
[EventRounds "9"]
[EventCountry "SLO"]
[SourceTitle "CBM 143 Extra"]
[Source "ChessBase"]
[SourceDate "2011.08.29"]
[SourceVersion "1"]
[SourceVersionDate "2011.08.29"]
[SourceQuality "1"]

1. d4 d5 2. Bg5 h6 3. Bh4 c6 4. c3 Qb6 5. Qb3 Bf5 6. Nd2 e6 7. f3 Be7 8. Bxe7 Nxe7 9. e4 Bg6 10. Nh3 Nd7 11. Nf2 0-0 12. Bd3 Rac8 13. 0-0 c5 14. Qxb6 axb6 15. exd5 Bxd3 16. Nxd3 Nxd5 17. dxc5 bxc5 18. Nc4 b5 19. Nd6 Rb8 20. c4 Ne3 21. Rfc1 b4 22. Kf2 Nf5 23. Nxf5 exf5 24. b3 Rfe8 25. Re1 Kf8 26. Rad1 Ra8 27. Rd2 Rxe1 28. Kxe1 Ke7 29. Kd1 g5 30. Kc1 f6 31. Kb2 Ra5 32. f4 Nf8 33. g3 Ne6 34. Rd1 Ra8 35. Re1 Kd6 36. Rd1 Ke7 37. Rf1 Rd8 38. Rf3 Nd4 39. Re3+ Kd6 40. Nc1 Ra8 41. Rd3 Kc6 42. Re3 Kd6 43. Rd3 Kc6 44. Rd2 Re8 45. a3 bxa3+ 46. Kxa3 Re4 47. Nd3 Nf3 48. Rf2 Re3 49. Nc1 g4 50. Kb2 h5 51. Rd2 Nxd2 0-1

[Event "SLO-chT2 Ost"]
[Site "Slovenia"]
[Date "2010.09.25"]
[Round "5"]
[White "Janzekovic, Klemen Tilen"]
[Black "Milinkovic, Nebojsa"]
[Result "0-1"]
[WhiteElo "1897"]
[BlackElo "2075"]
[PlyCount "86"]
[EventDate "2010.05.29"]
[EventType "team-tourn"]
[EventRounds "9"]
[EventCountry "SLO"]
[SourceTitle "EXT 2022"]
[Source "ChessBase"]
[SourceDate "2021.10.06"]
[SourceVersion "1"]
[SourceVersionDate "2021.10.06"]
[SourceQuality "1"]

1. e4 c5 2. b4 cxb4 3. a3 e6 4. axb4 Bxb4 5. c3 Be7 6. d4 d6 7. Be3 Nf6 8. Bd3 Nc6 9. Ne2 0-0 10. 0-0 b6 11. Ng3 e5 12. h3 d5 13. exd5 Qxd5 14. c4 Qd8 15. d5 Nb4 16. Be2 Bc5 17. Bg5 Qd6 18. Nc3 Bd7 19. Qd2 a5 20. Kh1 Na6 21. f4 Bd4 22. Rab1 Nc5 23. Bd3 Nxd3 24. Qxd3 h6 25. Bxf6 gxf6 26. f5 Bxc3 27. Ne4 Qe7 28. Qxc3 Kh7 29. Qg3 Rg8 30. Qh4 Rg5 31. Nxg5+ fxg5 32. Qe4 Qf6 33. Rf2 a4 34. g4 Qd6 35. Ra2 f6 36. Qe3 b5 37. Qd2 bxc4 38. Rb7 Kg8 39. Ra1 Bc6 40. dxc6 Qxd2 41. Rab1 Qd5+ 42. Kh2 Qxc6 43. R1b6 Qxb6 0-1

[Event "SLO-chT2 Ost"]
[Site "Slovenia"]
[Date "2010.06.05"]
[Round "3"]
[White "Lipovsek, Miran"]
[Black "Milinkovic, Nebojsa"]
[Result "1-0"]
[WhiteElo "2105"]
[BlackElo "2075"]
[PlyCount "76"]
[EventDate "2010.05.29"]
[EventType "team-tourn"]
[EventRounds "9"]
[EventCountry "SLO"]
[SourceTitle "EXT 2022"]
[Source "ChessBase"]
[SourceDate "2021.10.06"]
[SourceVersion "1"]
[SourceVersionDate "2021.10.06"]
[SourceQuality "1"]

1. e4 c5 2. Nf3 e6 3. c3 Nf6 4. e5 Nd5 5. d4 cxd4 6. cxd4 Bb4+ 7. Nbd2 Nc6 8. Bc4 Nb6 9. Bd3 d6 10. Qe2 dxe5 11. dxe5 Nd4 12. Bb5+ Ke7 13. Nxd4 Qxd4 14. 0-0 a6 15. Nf3 Qd5 16. Bd3 h6 17. a3 Bc5 18. b4 Bd4 19. Be4 Bxa1 20. Bxd5 Nxd5 21. Bxh6 Rxh6 22. Rxa1 Bd7 23. Rc1 Rhh8 24. Qd2 Rhc8 25. Ra1 Rc4 26. h3 Rac8 27. Qg5+ Kf8 28. h4 Bc6 29. Qh5 Ne7 30. Ng5 Ng6 31. Nxe6+ Kg8 32. Nc5 Rxh4 33. Qf5 Re8 34. e6 Nh8 35. Re1 f6 36. Re3 Kf8 37. Nd7+ Kg8 38. Rg3 Rh6 1-0

[Event "SLO-chT2 Ost"]
[Site "Slovenia"]
[Date "2010.05.29"]
[Round "1"]
[White "Milinkovic, Nebojsa"]
[Black "Vadlja, Branko"]
[Result "1/2-1/2"]
[WhiteElo "2075"]
[BlackElo "1995"]
[PlyCount "28"]
[EventDate "2010.05.29"]
[EventType "team-tourn"]
[EventRounds "9"]
[EventCountry "SLO"]
[SourceTitle "EXT 2022"]
[Source "ChessBase"]
[SourceDate "2021.10.06"]
[SourceVersion "1"]
[SourceVersionDate "2021.10.06"]
[SourceQuality "1"]

1. e4 d5 2. exd5 Qxd5 3. Nc3 Qa5 4. Nf3 Bg4 5. Be2 Nf6 6. 0-0 e6 7. Nd4 Bxe2 8. Qxe2 c6 9. d3 Qh5 10. Qxh5 Nxh5 11. Re1 Bb4 12. Bd2 Nd7 13. a3 Bxc3 14. Bxc3 0-0 1/2-1/2

[Event "SLO-chT2 Ost"]
[Site "Maribor"]
[Date "2009.11.14"]
[Round "9"]
[White "Milinkovic, Nebojsa"]
[Black "Kajnih, Danilo"]
[Result "1-0"]
[WhiteElo "2054"]
[BlackElo "2203"]
[PlyCount "79"]
[EventDate "2009.05.30"]
[EventType "team-tourn"]
[EventRounds "9"]
[EventCountry "SLO"]
[SourceTitle "EXT 2022"]
[Source "ChessBase"]
[SourceDate "2021.10.06"]
[SourceVersion "1"]
[SourceVersionDate "2021.10.06"]
[SourceQuality "1"]

1. Nf3 f5 2. b3 d6 3. d4 g6 4. Bb2 Bg7 5. e3 Nf6 6. c4 0-0 7. Be2 h6 8. Nc3 a6 9. Qc2 Qe8 10. 0-0 e5 11. dxe5 dxe5 12. Nd5 Nxd5 13. cxd5 c6 14. dxc6 Nxc6 15. Rfd1 Kh7 16. Qc5 g5 17. Rd2 g4 18. Ne1 Be6 19. Rad1 Rc8 20. Qc2 h5 21. Qb1 Rf7 22. g3 Ne7 23. Ng2 Ng6 24. f4 e4 25. Bxg7 Rxg7 26. Qb2 Qe7 27. Qd4 Rgg8 28. Kf2 Kh6 29. Qd6 Qf7 30. Qd4 Rge8 31. Qb4 Qc7 32. Rd6 Qe7 33. Qd4 Rc2 34. Rd2 Rec8 35. Rxc2 Rxc2 36. Qb6 Nf8 37. Nh4 Kh7 38. a3 Qf7 39. Rd8 Kg7 40. Rb8 1-0

[Event "SLO-chT2 East"]
[Site "Brezice Maribor"]
[Date "2008.09.13"]
[Round "6"]
[White "Bozic, Marjan"]
[Black "Milinkovic, Nebojsa"]
[Result "1/2-1/2"]
[WhiteElo "2091"]
[BlackElo "2062"]
[PlyCount "44"]
[EventDate "2008.10.24"]
[EventType "tourn"]
[EventRounds "9"]
[EventCountry "SLO"]
[SourceTitle "EXT 2010"]
[Source "ChessBase"]
[SourceDate "2010.11.25"]
[SourceVersion "1"]
[SourceVersionDate "2010.11.25"]
[SourceQuality "1"]

1. e4 c6 2. d4 d5 3. Nc3 dxe4 4. Nxe4 Bf5 5. Ng3 Bg6 6. Nf3 Nd7 7. c3 e6 8. Bg5 Be7 9. Bxe7 Nxe7 10. Qb3 Qb6 11. Bc4 Qxb3 12. axb3 0-0 13. b4 a6 14. 0-0 h6 15. Rfe1 Nd5 16. Ne5 Nxe5 17. Rxe5 Rfd8 18. f3 Nf6 19. Kf2 Nd7 20. Ree1 Nb6 21. Bb3 Nd5 22. Ne2 Nb6 1/2-1/2

[Event "SLO-chT2 East"]
[Site "Velenje"]
[Date "2006.10.22"]
[Round "8"]
[White "Milinkovic, Nebojsa"]
[Black "Jakopic, Anton"]
[Result "1/2-1/2"]
[WhiteElo "2071"]
[BlackElo "2117"]
[PlyCount "24"]
[EventDate "2006.05.21"]
[EventType "team-tourn"]
[EventRounds "9"]
[EventCountry "SLO"]
[SourceTitle "EXT 2008"]
[Source "ChessBase"]
[SourceDate "2007.11.25"]
[SourceVersion "1"]
[SourceVersionDate "2007.11.25"]
[SourceQuality "1"]

1. Nf3 d5 2. b3 Nf6 3. Bb2 g6 4. g3 Bg7 5. Bg2 0-0 6. 0-0 c5 7. e3 Nc6 8. d3 Re8 9. Nbd2 e5 10. e4 d4 11. h3 Nh5 12. a3 Be6 1/2-1/2

[Event "SLO-chT2 East"]
[Site "Velenje"]
[Date "2006.10.03"]
[Round "7"]
[White "Mitrovic, Boris"]
[Black "Milinkovic, Nebojsa"]
[Result "1/2-1/2"]
[WhiteElo "2024"]
[BlackElo "2071"]
[PlyCount "40"]
[EventDate "2006.05.21"]
[EventType "team-tourn"]
[EventRounds "9"]
[EventCountry "SLO"]
[SourceTitle "EXT 2008"]
[Source "ChessBase"]
[SourceDate "2007.11.25"]
[SourceVersion "1"]
[SourceVersionDate "2007.11.25"]
[SourceQuality "1"]

1. b3 d5 2. Bb2 c5 3. e3 a6 4. Nf3 Nc6 5. h3 e6 6. d4 Nf6 7. c4 cxd4 8. Nxd4 Be7 9. Nd2 Nxd4 10. Bxd4 0-0 11. Bd3 dxc4 12. Bxc4 b5 13. Be2 Bb7 14. 0-0 Rc8 15. Bf3 Bxf3 16. Nxf3 Qc7 17. Rc1 Qb7 18. Qe2 Rxc1 19. Rxc1 Rc8 20. Qb2 h6 1/2-1/2

[Event "SLO-chT2 East"]
[Site "Velenje"]
[Date "2005.10.13"]
[Round "5"]
[White "Penko, Igor"]
[Black "Milinkovic, Nebojsa"]
[Result "0-1"]
[WhiteElo "2246"]
[BlackElo "2047"]
[PlyCount "142"]
[EventDate "2005.05.27"]
[EventType "team-tourn"]
[EventRounds "9"]
[EventCountry "SLO"]
[SourceTitle "EXT 2009"]
[Source "ChessBase"]
[SourceDate "2008.11.26"]
[SourceVersion "1"]
[SourceVersionDate "2008.11.26"]
[SourceQuality "1"]

1. Nf3 d5 2. d4 Bf5 3. c4 e6 4. Nc3 c6 5. Qb3 Qb6 6. Qxb6 axb6 7. cxd5 exd5 8. Bd2 Nf6 9. Ne5 Nbd7 10. Nxd7 Nxd7 11. e3 Nf6 12. Be2 Bd6 13. f3 h5 14. 0-0 Bg6 15. Rfe1 0-0 16. Bf1 Rfe8 17. a3 Re7 18. b4 b5 19. Ra2 Ree8 20. g3 Nd7 21. e4 dxe4 22. fxe4 Nb6 23. Bf4 Bf8 24. Bc7 Na4 25. Nxa4 Rxa4 26. Bg2 Bxb4 27. Re3 Ba5 28. Bxa5 Rxa5 29. e5 b4 30. Rb3 Rxa3 31. Raxa3 bxa3 32. Rxa3 Rd8 33. Ra4 Bf5 34. Kf2 Kf8 35. Ke3 Ke7 36. Rb4 Rd7 37. Kf4 g6 38. Kg5 Be6 39. h4 Rc7 40. Rb6 Rd7 41. Rb4 Rc7 42. Rb6 Bc4 43. Rb4 b5 44. Kf4 c5 45. dxc5 Rxc5 46. Bh3 Rd5 47. Rb2 Rd4+ 48. Ke3 Rd3+ 49. Kf4 Kd8 50. Bg2 Rd4+ 51. Ke3 Rd3+ 52. Kf4 Kc7 53. Be4 Rd1 54. Bf3 Rd4+ 55. Ke3 Rd3+ 56. Ke4 Kc6 57. Be2 Rxg3 58. Bxc4 bxc4 59. Rf2 Rg4+ 60. Ke3 Kd5 61. Rxf7 Kxe5 62. Rg7 Kf6 63. Rc7 Rxh4 64. Rc6+ Kg5 65. Rc5+ Kh6 66. Rc6 c3 67. Kf3 Rh3+ 68. Kg2 Rd3 69. Kf2 h4 70. Ke2 Rg3 71. Kf2 Kh5 0-1

[Event "SLO-chT2 East"]
[Site "Velenje"]
[Date "2005.09.29"]
[Round "4"]
[White "Supancic, Gorazd"]
[Black "Milinkovic, Nebojsa"]
[Result "1/2-1/2"]
[WhiteElo "2025"]
[BlackElo "2047"]
[PlyCount "24"]
[EventDate "2005.05.27"]
[EventType "team-tourn"]
[EventRounds "9"]
[EventCountry "SLO"]
[SourceTitle "EXT 2009"]
[Source "ChessBase"]
[SourceDate "2008.11.26"]
[SourceVersion "1"]
[SourceVersionDate "2008.11.26"]
[SourceQuality "1"]

1. e4 c6 2. c4 d5 3. exd5 cxd5 4. d4 Nf6 5. Nc3 e6 6. Bd3 Nc6 7. Nge2 Be7 8. 0-0 0-0 9. a3 a6 10. b4 dxc4 11. Bxc4 b5 12. Bb3 Bb7 1/2-1/2